000 01781nam0a2200337 4500
001 RU\NLR\bibl\67347
005 20260406235620.0
021 _aRU
_b1999-40204
_91987
035 _a(NLR Aleph) 000065703
090 _a360020
_c360020
100 _a20000127d1989 |||y0rusy50 ca
101 0 _arus
102 _aRU
105 _ay |||||||||
200 1 _aОпыт совершенствования современных и перспективных конструкций многоэтажных зданий
_eМатериалы науч.-практ. конф.
_f[Редкол. к.т.н., доц. Нелепов А.Р. (отв. ред.) и др.]
210 _aОмск
_cБ.и.
_d1989
215 _a43,[2] с.
_d20
300 _aВ надзаг.: Ом. обл. правл. ВНТО стройиндустрии, Дом техники НТО, Сиб. автомоб.-дорож. ин-т им. В.В. Куйбышева
320 _aБиблиогр. в конце ст.
606 0 _aЖелезобетонные конструкции
_jСъезды, совещания и т.п.
_91009276
_3RU\NLR\auth\6666275
606 0 _aМногоэтажные здания
_jСъезды, совещания и т.п.
_xЖелезобетонные конструкции
_92148787
_3RU\NLR\auth\661294295
686 _aН53я431
686 _aН703.302.2-04я431
702 1 _aНелепов
_bА. Р.
_gАлександр Романович
_4340
712 0 2 _4570
_aВсесоюзное НТО строительной индустрии
_bОмское областное правление
_3RU\NLR\AUTH\889989490
_9474475
801 0 _aRU
_bNLR
_c20000127
_gPSBO
801 1 _aRU
_bNLR
_c20000127
852 _aNLR
_j99-4/9027
942 _cBOOK
980 _aNB